000 01204nam a2200229Ia 4500
999 _c53232
_d53232
001 20273
003 GE_BSU
005 20200812154527.0
008 181216s1982||||ge |||||||||||||| ||geo||
040 _cGE_BSU
041 _ageo
080 _a811.353.1(072) + 371.333 ჭ-33
100 _aჭეიშვილი, ლ.
_99187
245 _aსწავლების ტექნიკურ საშუალებათა გამოყენება ქართული ენის გაკვეთილებზე (IV-VIII კლასები) /
_cლ. ჭეიშვილი ; რედ. ნ. ფავლენიშვილი.
264 _aთბილისი :
_bგანათლება,
_c1982.
300 _a147გვ. :
_bილ. ;
_c 20სმ.
541 _h40 თ.
653 _aსწავლების ტექნიკურ საშუალებათა გამოყენება ქართული ენის გაკვეთილებზე (IV-VIII კლასები)
653 _aქართული ენა
700 _aფავლენიშვილი, ნ.
_eრედაქტორი
_93115
942 _cBK
_2udc